000 00616nam a2200217 a 4500
999 _c2262
_d2262
001 2262
003 BD-JhCC
005 20171031171301.0
008 171031s1964 bg ||||| |||| 00| 0 ben d
035 _a(BD-JhCC)2262
040 _aBD-JhCC
_dBD-JhCC
041 _aben
082 _222
_a891.4409
_bFAZ 1964
100 _aফজল, আবুল
245 _aসপ্তপর্ণা /
_cআবুল ফজল
260 _aঢাকা :
_bনওরোজ কিতাবিস্তান,
_c১৯৬৪
300 _a234 p. :
_c22cm.
650 _aBengali Litreture
942 _2ddc
_cBK